La música en Cuba / (Record no. 40620)

MARC details
000 -CABECERA
campo de control de longitud fija 00557nam a2200205 a 4500
005 - FECHA Y HORA DE LA ÚLTIMA TRANSACCIÓN
campo de control 20210223122727.0
008 - ELEMENTOS DE LONGITUD FIJA--INFORMACIÓN GENERAL
campo de control de longitud fija 991125s1972 mx 000 0 spa u
020 ## - NÚMERO INTERNACIONAL NORMALIZADO PARA LIBROS
Número Internacional Estándar del Libro 9681602501
035 ## - NÚMERO DE CONTROL DEL SISTEMA
Número de control de sistema UPN01000040620
049 ## - COLECCIÓN
Colección CG
050 #4 - SIGNATURA TOPOGRÁFICA DE LA BIBLIOTECA DEL CONGRESO
Número de clasificación ML207 C8
Número de documento/Ítem C2.4 1972
100 1# - ASIENTO PRINCIPAL--NOMBRE PERSONAL
Nombre de persona Carpentier, Alejo,
Fechas asociadas al nombre 1904-1980
9 (RLIN) 30823
245 13 - MENCIÓN DE TÍTULO
Título La música en Cuba /
Mención de responsabilidad, etc. Alejo Carpentier.
250 ## - MENCIÓN DE EDICIÓN
Mención de edición 2a ed.
260 ## - PUBLICACIÓN, DISTRIBUCIÓN, ETC.
Lugar de publicación, distribución, etc. México :
Nombre del editor, distribuidor, etc. FCE,
Fecha de publicación, distribución, etc. 1972.
300 ## - DESCRIPCIÓN FÍSICA
Extensión 368 p. :
Otras características físicas il.
440 #0 - MENCIÓN DE SERIE/ASIENTO SECUNDARIO--TÍTULO
Título Popular ;
Designación de volumen o secuencia 104
650 #4 - ASIENTO SECUNDARIO DE MATERIA - TERMINO TEMATICO
Término de materia o nombre geográfico como elemento de entrada MUSICA -
Subdivisión geográfica CUBA -
Subdivisión general HISTORIA Y CRITICA
905 ## - TIPO DE MATERIAL
Tipo de material Libro
Holdings
Estado de retiro Estado de pérdida Fuente del sistema de clasificación o colocación Estado dañado No para préstamo Código de colección Localización permanente Ubicación/localización actual Ubicación en estantería Total de préstamos Clasificación Código de barras Fecha visto por última vez Número de copia Tipo de ítem Koha
    Library of Congress Classification     Colección General Bib. Gregorio Torres Quintero Bib. Gregorio Torres Quintero Planta baja 4 ML207 C8 C2.4 1972 33042 31/12/2020 1 Libro